Statistics for Valve's Games

Click here to take the quiz!

General Stats

  • This quiz has been taken 45 times
    (44 since last reset)
  • The average score is 19 of 26

Answer Stats

Year ReleasedAnswer% Correct
1998Half-Life
100%
2004Half-life 2
100%
2007Team Fortress 2
97%
1999Counter-Strike
94%
2007Portal
94%
2011Portal 2
94%
2008Left 4 Dead
91%
2009Left 4 Dead 2
91%
2012Counter-Strike: Global Offensive
88%
2004Counter-Strike: Source
88%
2013Dota 2
88%
2020Half-Life: Alyx
88%
1999Team Fortress Classic
84%
1999Half-Life: Opposing Force
81%
2007Half-Life 2: Episode 2
78%
2001Half-Life: Blue Shift
78%
2006Half-Life 2: Episode 1
75%
2004Half-Life: Source
72%
1998Day of Defeat
69%
2005Day of Defeat: Source
63%
2004Counter-Strike: Condition Zero
53%
2000Deathmatch Classic
50%
2018Artifact
47%
2004Half-Life 2: Deathmatch
44%
2019Dota Underlords
16%
2000Richochet
13%

Score Distribution

Percentile by Number Answered

Percent of People with Each Score

Your Score History

You have not taken this quiz since the last reset